000
00306nam a22001337a 4500
008
181102b xxu||||| |||| 00| 0 eng d
020
_a
9780393703672
041
_a
eng
080
_a
159.9
100
_a
49
101
_a
PSI
245
_a
The Neuroscience of Psychotherapy
_c
Cozolino, L
942
_2
udc
_c
BK
999
_c
51682
_d
51682